000 00713nam a2200229Ia 4500
003 GCL
008 140319s9999 xx 000 0 ara d
040 _aGCL /
_cGCL
082 0 4 _a001.5
_bا د
100 1 _aانشراح الشال
245 1 0 _aدولنا النامية فى عصر الاقمار الصناعية /
_cانشراح الشال
260 _a[S.N] :
_bدار الفكر العربى ،
_c1988
300 _a31 ص
490 _a
650 0 4 _aالدول النامية
650 0 4 _aالفضاء
650 0 4 _aالتليفزيون
650 0 4 _aمحطات الفضاء
650 0 4 _aالاقمار الصناعية
650 0 4 _aالارسال والاستقبال
942 _2ddc
_cBK
999 _c33322
_d33322